• 首页
  • 本馆介绍
  • 公告通知
  • 最新文献
  • 馆藏检索
  • 电子资源
  • 读者导购
  • 参考咨询
  • 我的图书馆
  • 登录
  • 详细信息显示
  • 放入我的书架
  • 预约/预借图书
  • 作者相关作品
  • 分类相关作品
  • 丛书相关作品
  • 出版社相关作品

书目信息

  • 表格格式
  • 工作单格式
  • 卡片格式
题名:
数据库及其应用 (Access及Excel) 学习与实验实训教程
    
 
作者: 肖慎勇 主编
分册:  
出版信息: 北京   清华大学出版社  2016
页数: X, 218页
开本: 26cm
丛书名: 21世纪高等学校规划教材
单 册:
中图分类: TP311.138AC , TP391.13
科图分类:
主题词: 关系数据库系统--Guan Xi Shu Ju Ku Xi Tong--高等学校--教学参考资料 , 表处理软件--Biao Chu Li Ruan Jian--高等学校--教学参考资料
电子资源:
ISBN: 978-7-302-42957-9
000 01474cam 2200313 450
001 012001000509
005 20191108081935.62
010    @a978-7-302-42957-9@dCNY26.00
099    @aCAL 012016020501
100    @a20160311d2016 em y0chiy50 ea
101 0  @achi
102    @aCN@b110000
105    @aa z 000yy
106    @ar
200 1  @a数据库及其应用 (Access及Excel) 学习与实验实训教程@AShu Ju Ku Ji Qi Ying Yong (Access Ji Excel) Xue Xi Yu Shi Yan Shi Xun Jiao Cheng@f肖慎勇主编
205    @a第3版
210    @a北京@c清华大学出版社@d2016
215    @aX, 218页@c图@d26cm
225 2  @a21世纪高等学校规划教材@A21 Shi Ji Gao Deng Xue Xiao Gui Hua Jiao Cai@i计算机科学与技术
330    @a本书是《数据库及其应用(Access及Excel)(第3版)》配套的学习与实验指导教程。本书分为12章,每章包括主教程对应章节的主要知识点归纳以及习题。各章知识点归纳精炼、完整,习题包括选择题、填空题、简答题和设计操作题等多种题型,涵盖了本章主要内容,并融汇了对于相关知识的整体理解和应用的要求。所有习题都有参考答案。
410  0 @12001 @a21世纪高等学校规划教材@i计算机科学与技术
488  0 @12001 @a数据库及其应用Access及Excel@1205 @@a第3版
606 0  @a关系数据库系统@AGuan Xi Shu Ju Ku Xi Tong@x高等学校@j教学参考资料
606 0  @a表处理软件@ABiao Chu Li Ruan Jian@x高等学校@j教学参考资料
690    @aTP311.138AC@v5
690    @aTP391.13@v5
701  0 @a肖慎勇@AXiao Shen Yong@4主编
801  0 @aCN@b北京卓展文化@c20191020
905    @b1196273-6@dTP311.138AC@e1337=3@f4
    
    数据库及其应用 (Access及Excel) 学习与实验实训教程/肖慎勇主编.-第3版.-北京:清华大学出版社,2016
    X, 218页:图;26cm.-(21世纪高等学校规划教材.计算机科学与技术)
    
    
    ISBN 978-7-302-42957-9:CNY26.00
    本书是《数据库及其应用(Access及Excel)(第3版)》配套的学习与实验指导教程。本书分为12章,每章包括主教程对应章节的主要知识点归纳以及习题。各章知识点归纳精炼、完整,习题包括选择题、填空题、简答题和设计操作题等多种题型,涵盖了本章主要内容,并融汇了对于相关知识的整体理解和应用的要求。所有习题都有参考答案。
●
相关链接 在E读中查询图书 在五车中查询图书 在当当中查询图书 在豆瓣中查询图书


正题名:数据库及其应用 (Access及Excel) 学习与实验实训教程     索取号:TP311.138AC/1337=3         预约/预借

序号 登录号 条形码 馆藏地/架位号 状态 备注
1 1196273   211962731   第二样本阅览室/ [索取号:TP311.138AC/1337=3] 在馆    
2 1196274   211962740   第三借阅区/ [索取号:TP311.138AC/1337=3] 在馆    
3 1196275   211962759   第三借阅区/ [索取号:TP311.138AC/1337=3] 在馆    
4 1196276   211962768   第三借阅区/ [索取号:TP311.138AC/1337=3] 在馆    
唐山师范学院图书馆 欢迎您!
大连网信软件有限公司© 版权所有